Statistics for Logo Brand Names #2

Click here to take the quiz!

General Stats

  • This quiz has been taken 296 times
  • The average score is 15 of 16

Answer Stats

Answer% Correct
Disney
100%
Amazon
99%
Facebook
99%
Instagram
99%
Netflix
99%
Twitter
99%
Dove
98%
Doritos
97%
Spotify
97%
IKEA
96%
Subway
96%
eBay
94%
Microsoft
93%
Marvel
90%
Hulu
87%
Walmart
86%

Score Distribution

Percentile by Number Answered

Percent of People with Each Score

Your Score History

You have not taken this quiz